Los hacedores y hacedoras : una aproximación a la realidad de los artesanos y artesanas de Cuenca /

Detalles Bibliográficos
Autor principal: Eljuri Jaramillo, Gabriela (Autor)
Formato: Electrónico eBook
Lenguaje:español
Publicado: Cuenca, Ecuador : Universidad del Azuay, Casa Editora, [2025]
Colección:Homo (Universidad del Azuay, Casa Editora)
Materias:
Acceso en línea:Digitalia Hispánica

MARC

LEADER 00000nam a2200000 i 4500
001 DIGUAZUAY0304
003 NyNyDIG
007 cr |||||||||||
008 260120s2025 ec ao ob 000 0 spa d
006 m o d
035 |a (OCoLC)1536988645 
040 |a DGITA  |b eng  |e rda  |e pn  |c DGITA 
020 |a 9789942670694  |q eBook 
020 |z 9789942670687 
043 |a s-ec--- 
050 1 4 |a HD2346.E2 ebook 
100 1 |a Eljuri Jaramillo, Gabriela,  |e author. 
245 1 4 |a Los hacedores y hacedoras :  |b una aproximación a la realidad de los artesanos y artesanas de Cuenca /  |c del texto, Gabriela Eljuri Jaramillo [and 6 others]. 
264 1 |a Cuenca, Ecuador :  |b Universidad del Azuay, Casa Editora,  |c [2025] 
300 |a 1 online resource :  |b illustrations, photographs. 
336 |a text  |b txt  |2 rdacontent 
337 |a computer  |b c  |2 rdamedia 
338 |a online resource  |b cr  |2 rdacarrier 
347 |a text file  |2 rdaft 
347 |b PDF 
490 1 |a Homo 
504 |a Includes bibliographical references. 
588 0 |a Online resource; title from PDF title page (Digitalia, viewed January 20, 2026) 
650 0 |a Artisans  |z Ecuador  |z Cuenca. 
650 0 |a Artisans  |z Ecuador  |z Cuenca  |x Economic conditions. 
650 0 |a Artisans  |z Ecuador  |z Cuenca  |x Social conditions. 
791 2 |a Digitalia (Firm),  |e distributor. 
793 0 |g Digitalia eBook Collection:  |a Universidad del Azuay 
776 0 8 |i Print version:  |a Eljuri Jaramillo, Gabriela.  |t Hacedores y hacedoras.  |d Cuenca, Ecuador : Universidad del Azuay, Casa Editora, [2025]  |z 9789942670687 
830 0 |a Homo (Universidad del Azuay, Casa Editora) 
856 4 0 |3 Digitalia Hispánica  |u https://www.digitaliapublishing.com/a/180868/ 
910 |a Premium collection: 2026